National HIV/AIDS/STI/TB monitoring and evaluation plan, 2002 - 2005. -- 1st ed. (Record no. 32135)
[ view plain ]
| 000 -LEADER | |
|---|---|
| fixed length control field | 00832nam a2200181 a 4500 |
| 008 - FIXED-LENGTH DATA ELEMENTS--GENERAL INFORMATION | |
| fixed length control field | 131011s2004 ||||||||||||||||| || u |
| 050 ## - LIBRARY OF CONGRESS CALL NUMBER | |
| Classification number | GOV.ZAM.H4(058) |
| 110 ## - MAIN ENTRY--CORPORATE NAME | |
| Corporate name or jurisdiction name as entry element | National HIV/AIDS/STI/TB Council (NAC) |
| 245 10 - TITLE STATEMENT | |
| Title | National HIV/AIDS/STI/TB monitoring and evaluation plan, 2002 - 2005. -- 1st ed. |
| Statement of responsibility, etc. | by National HIV/AIDS/STI/TB Council [NAC] |
| 250 ## - EDITION STATEMENT | |
| Edition statement | 1st ed. |
| 260 ## - PUBLICATION, DISTRIBUTION, ETC. | |
| Place of publication, distribution, etc. | Lusaka: |
| Name of publisher, distributor, etc. | National HIV/AIDS/STI/TB Council (NAC) |
| Date of publication, distribution, etc. | 2004 |
| 300 ## - PHYSICAL DESCRIPTION | |
| Extent | vi, 82p.: ill. |
| 362 1# - | |
| -- | <p>December, 2004</p> |
| 650 ## - SUBJECT ADDED ENTRY--TOPICAL TERM | |
| Topical term or geographic name entry element | HIV/AIDS--MONITORING AND EVALUATION--ZAMBIA |
| 650 ## - SUBJECT ADDED ENTRY--TOPICAL TERM | |
| Topical term or geographic name entry element | MONITORING AND EVALUATION--TB--ZAMBIA |
| 650 ## - SUBJECT ADDED ENTRY--TOPICAL TERM | |
| Topical term or geographic name entry element | MONITORING AND EVALUATION--STI--ZAMBIA |
| 995 ## - | |
| -- | SPECIAL COLLECTIONS |
| -- | 1079 |
| -- | CBU-SCHOOL OF MEDICINE LIBRARY (Ndola) |
| -- | GOV.ZAM.H4(058)NHMEP/2005 |
| -- | 1 |
| -- | AVAILABLE |
| -- | Nov 13, 2013 |
| -- | B1079 |
| -- | Zambiana Collection |
| 999 ## - | |
| -- | 32135 |
| -- | 32135 |
| Withdrawn status | Lost status | Source of classification or shelving scheme | Damaged status | Not for loan | Permanent Location | Current Location | Shelving location | Date acquired | Total Checkouts | Full call number | Barcode | Date last seen | Price effective from | Koha item type |
|---|---|---|---|---|---|---|---|---|---|---|---|---|---|---|
| CBU-SCHOOL OF MEDICINE LIBRARY, NDOLA. | CBU-SCHOOL OF MEDICINE LIBRARY, NDOLA. | 11/30/2022 | GOV.ZAM.H4(058) | B1079 | 11/30/2022 | 11/30/2022 | MONOGRAPH |